000 01049 a2200181 4500
003 Nust
005 20170207153051.0
040 _cNust
082 _a150
100 _aMuhammad ,Bashir Lt col
245 _aPotential and Identity
_cLt Col Muhammad Bashir AEC
260 _aRawalpindi
_bArmy press
_c1998
300 _a151,p;
505 _aThe ecstasy of martyrdom (page-1), combat leadership (page-9), in search of human excellence (page-15), living with strength (page-23), human character (page-29), quranic perspective of learning (page-39), the scholastic leadership (page-45), self actualization (page-53), idealism (page-59), creativity (page-65), confidence (page-73), human destiny (page-79), a military paradigm (page-89), Human development (page-97), potential and identity (page-109), men creation (page-117), heavenly teaching (page-127), psychological concept (page-135), propotion and judgement(page-141), Patience (page-149)
538 _aAlmirah No.47 Shelf No.2
600 _aLt Col Muhammad Bashir
650 _aPotential and Identity
942 _2ddc
_cBK
999 _c178672
_d178672